[Event "Norte e Nordeste-ch U2000"]
[Site "Fortaleza"]
[Date "2022.04.16"]
[Round "3"]
[White "Goncalves, Mateus"]
[Black "Brandao, Marcius Gomes"]
[Result "1/2-1/2"]
[WhiteElo "1853"]
[BlackElo "1973"]
[PlyCount "166"]
[EventDate "2022.04.15"]
[EventType "swiss"]
[EventRounds "6"]
[EventCountry "BRA"]
[SourceTitle "EXT 2023"]
[Source "ChessBase"]
[SourceDate "2022.10.05"]
[SourceVersion "1"]
[SourceVersionDate "2022.10.05"]
[SourceQuality "1"]

1. e4 c5 2. Nf3 g6 3. d4 cxd4 4. Nxd4 Bg7 5. Nc3 Nc6 6. Be3 Nf6 7. Be2 0-0 8. 0-0 d6 9. a4 Bd7 10. f3 Nxd4 11. Bxd4 Bc6 12. Bc4 Nd7 13. Bxg7 Kxg7 14. Qd4+ Kg8 15. a5 a6 16. Rfd1 Rc8 17. Kh1 Ne5 18. Bb3 Bd7 19. Nd5 Be6 20. f4 Bxd5 21. Bxd5 Nc6 22. Qa4 Qc7 23. c3 Nd8 24. f5 Nc6 25. fxg6 hxg6 26. Rd3 Ne5 27. Rh3 Kg7 28. Rf1 e6 29. Bb3 Rh8 30. Rg3 Rh4 31. Qd4 Qc5 32. Rd1 Rc6 33. Ba4 Qxd4 34. cxd4 Rxe4 35. Bxc6 Nxc6 36. d5 Nxa5 37. dxe6 fxe6 38. h3 d5 39. Ra1 b6 40. Kg1 e5 41. Rc3 Rb4 42. Rc7+ Kf6 43. Rf1+ Ke6 44. Rg7 d4 45. Rxg6+ Kd5 46. Rf2 Nc4 47. h4 Nxb2 48. h5 Nd3 49. Rff6 Rb1+ 50. Kh2 Nf4 51. Rxf4 exf4 52. h6 d3 53. Rg8 d2 54. Rd8+ Kc4 55. h7 d1Q 56. Rxd1 Rxd1 57. h8Q Rd4 58. Qc8+ Kb5 59. Qc3 Rc4 60. Qe5+ Kb4 61. Qe6 Kb5 62. Kg1 a5 63. Qd5+ Kb4 64. Kf2 a4 65. Qd6+ Kb5 66. Qd5+ Kb4 67. Qd6+ Kb5 68. Ke2 Ka5 69. Qd2+ Ka6 70. Qd3 b5 71. Qd6+ Ka5 72. Kd3 Rb4 73. Qc7+ Ka6 74. Qc6+ Ka5 75. Qa8+ Kb6 76. Kc2 Rc4+ 77. Kb2 Rb4+ 78. Ka2 Rc4 79. Qd5 Rc2+ 80. Kb1 Rc4 81. Qd8+ Ka6 82. Kb2 Kb7 83. Qa5 Kc6 1/2-1/2

[Event "Florianopolis op 09"]
[Site "Florianopolis"]
[Date "2021.09.25"]
[Round "2"]
[White "Goncalves, Mateus"]
[Black "Dos Santos, Haroldo Cunha Jr"]
[Result "1-0"]
[WhiteElo "1824"]
[BlackElo "2119"]
[PlyCount "81"]
[EventDate "2021.09.24"]
[EventType "swiss"]
[EventRounds "6"]
[EventCountry "BRA"]
[SourceTitle "EXT 2023"]
[Source "ChessBase"]
[SourceDate "2022.10.05"]
[SourceVersion "1"]
[SourceVersionDate "2022.10.05"]
[SourceQuality "1"]

1. e4 e5 2. Nf3 Nc6 3. d4 exd4 4. Nxd4 d6 5. Nc3 Nf6 6. Be2 Be7 7. Be3 0-0 8. 0-0 Re8 9. f4 Bf8 10. Bf3 Ne7 11. h3 Ng6 12. Qe1 c6 13. Rd1 Qe7 14. Qf2 a5 15. Rfe1 Qc7 16. a4 Nd7 17. h4 Nc5 18. h5 Nh8 19. h6 g6 20. f5 Nd7 21. Nde2 Ne5 22. Qg3 Nc4 23. Bf4 Nxb2 24. Rd4 Qb6 25. Rb1 d5 26. Bc7 Qa7 27. Kh1 Bc5 28. Rxd5 Nc4 29. Qg5 Bf8 30. Nf4 f6 31. Qxf6 Bxh6 32. fxg6 cxd5 33. gxh7+ Kxh7 34. Ncxd5 Ne3 35. Rb6 Be6 36. Nxe6 Nxd5 37. exd5 Rac8 38. Be4+ Kg8 39. Qxh6 Rxc7 40. Qg5+ Kf7 41. Qg7# 1-0

[Event "Rio Negrinho Froebel op"]
[Site "Rio Negrinho"]
[Date "2021.07.11"]
[Round "6"]
[White "Goncalves, Mateus"]
[Black "De Carvalho, Vitor Augusto Ponci"]
[Result "1-0"]
[WhiteElo "1832"]
[BlackElo "1627"]
[PlyCount "85"]
[EventDate "2021.07.09"]
[EventType "swiss"]
[EventRounds "6"]
[EventCountry "BRA"]
[SourceTitle "EXT 2022"]
[Source "ChessBase"]
[SourceDate "2021.10.06"]
[SourceVersion "1"]
[SourceVersionDate "2021.10.06"]
[SourceQuality "1"]

1. e4 c5 2. Nf3 Nf6 3. d4 cxd4 4. Nxd4 Nc6 5. Nc3 e5 6. Ndb5 d6 7. Bg5 a6 8. Na3 b5 9. Nd5 Be7 10. Bxf6 Bxf6 11. c4 b4 12. Nc2 a5 13. Be2 0-0 14. 0-0 Bg5 15. Nce3 Bxe3 16. Nxe3 Be6 17. Bg4 Nd4 18. Bxe6 fxe6 19. Nc2 Qb6 20. Nxd4 Qxd4 21. Qe2 d5 22. cxd5 exd5 23. exd5 Qxd5 24. Rfd1 Qe6 25. Rd2 Rfc8 26. Rad1 Qxa2 27. Qxe5 Re8 28. Qg5 a4 29. h4 Qe6 30. Rd7 Qe5 31. Rc7 Qxb2 32. Rdd7 Re1+ 33. Kh2 Qe5+ 34. f4 Qxg5 35. fxg5 a3 36. Rxg7+ Kh8 37. Rxh7+ Kg8 38. Rcg7+ Kf8 39. Rg6 Ree8 40. Rb7 a2 41. Rgg7 Reb8 42. Rbf7+ Ke8 43. g6 1-0

[Event "Rio Negrinho Froebel op"]
[Site "Rio Negrinho"]
[Date "2021.07.11"]
[Round "5"]
[White "Pelegrini, Lucas Natan Kriegue"]
[Black "Goncalves, Mateus"]
[Result "0-1"]
[WhiteElo "1448"]
[BlackElo "1832"]
[PlyCount "68"]
[EventDate "2021.07.09"]
[EventType "swiss"]
[EventRounds "6"]
[EventCountry "BRA"]
[SourceTitle "EXT 2022"]
[Source "ChessBase"]
[SourceDate "2021.10.06"]
[SourceVersion "1"]
[SourceVersionDate "2021.10.06"]
[SourceQuality "1"]

1. e4 c5 2. Nf3 d6 3. d4 cxd4 4. Nxd4 Nf6 5. Nc3 a6 6. f3 e5 7. Nb3 Be6 8. Be3 Nbd7 9. Qd2 Qc7 10. g4 b5 11. h4 Be7 12. 0-0-0 0-0 13. h5 Nb6 14. Qf2 Nfd7 15. Nd5 Bxd5 16. exd5 Nc4 17. Bxc4 bxc4 18. Nd2 c3 19. Ne4 cxb2+ 20. Kb1 Rac8 21. g5 Qa5 22. g6 Nf6 23. h6 fxg6 24. hxg7 Nxe4 25. gxf8Q+ Rxf8 26. fxe4 Rxf2 27. Bxf2 Qb4 28. Rde1 Bg5 29. Re2 Kg7 30. Be1 Qc5 31. Rhh2 Bf4 32. Rhg2 Qd4 33. Bh4 Qd1+ 34. Kxb2 Qc1+ 0-1

[Event "Rio Negrinho Froebel op"]
[Site "Rio Negrinho"]
[Date "2021.07.10"]
[Round "4"]
[White "Goncalves, Mateus"]
[Black "Rodrigues Mota, Romulo Cardoso S"]
[Result "0-1"]
[WhiteElo "1832"]
[BlackElo "1695"]
[PlyCount "78"]
[EventDate "2021.07.09"]
[EventType "swiss"]
[EventRounds "6"]
[EventCountry "BRA"]
[SourceTitle "EXT 2022"]
[Source "ChessBase"]
[SourceDate "2021.10.06"]
[SourceVersion "1"]
[SourceVersionDate "2021.10.06"]
[SourceQuality "1"]

1. e4 c5 2. Nf3 d6 3. d4 cxd4 4. Nxd4 Nf6 5. f3 g6 6. c4 Bg7 7. Nc3 Nc6 8. Be3 Bd7 9. Be2 Rc8 10. 0-0 0-0 11. Qd2 a6 12. Rac1 Ne5 13. b3 Ne8 14. Nd5 e6 15. Nc3 f5 16. Rfd1 Nf7 17. Nc2 h5 18. exf5 gxf5 19. c5 Kh7 20. Ne1 d5 21. Nxd5 exd5 22. Qxd5 Nf6 23. Qxb7 Qe7 24. Nc2 Bh6 25. Bxh6 Kxh6 26. Nd4 Rxc5 27. Rxc5 Qxc5 28. Qxa6 Ne5 29. Kf1 Kh7 30. Ne6 Bxe6 31. Qxe6 Ng6 32. Qc4 Qe5 33. Bd3 Qxh2 34. Qc2 Nf4 35. Bxf5+ Kh8 36. Qf2 N4d5 37. Be4 Qh1+ 38. Qg1 Ne3+ 39. Kf2 Nxd1+ 0-1

[Event "Rio Negrinho Froebel op"]
[Site "Rio Negrinho"]
[Date "2021.07.10"]
[Round "3"]
[White "Rodrigues Mota, Sophia Lorena"]
[Black "Goncalves, Mateus"]
[Result "0-1"]
[WhiteElo "1357"]
[BlackElo "1832"]
[PlyCount "72"]
[EventDate "2021.07.09"]
[EventType "swiss"]
[EventRounds "6"]
[EventCountry "BRA"]
[SourceTitle "EXT 2022"]
[Source "ChessBase"]
[SourceDate "2021.10.06"]
[SourceVersion "1"]
[SourceVersionDate "2021.10.06"]
[SourceQuality "1"]

1. e4 c5 2. Nf3 d6 3. d4 cxd4 4. Nxd4 Nf6 5. Nc3 a6 6. Be3 Ng4 7. Bc1 Nf6 8. f3 e5 9. Nb3 Be6 10. Be3 Nbd7 11. g4 Qc7 12. h4 b5 13. h5 Nb6 14. g5 Nfd7 15. f4 b4 16. Ne2 Nc4 17. Bc1 Bg4 18. Qd3 exf4 19. Nxf4 Nde5 20. Qg3 Nf3+ 21. Kf2 Nce5 22. Nd3 Qxc2+ 23. Ke3 Be7 24. Nf4 Bd8 25. Nd5 Bxg5+ 26. Nf4 Bd8 27. Nd5 f5 28. exf5 Bg5+ 29. Nf4 0-0 30. h6 Rxf5 31. Nd4 Qc5 32. Kf2 Qxd4+ 33. Be3 Qxb2+ 34. Be2 Bxf4 35. Bxf4 Nd3+ 36. Ke3 Qd4# 0-1

[Event "Timbo op"]
[Site "Timbo"]
[Date "2021.06.13"]
[Round "5"]
[White "Goncalves, Mateus"]
[Black "Boutin Neto, Mauro Albano"]
[Result "1-0"]
[WhiteElo "1780"]
[BlackElo "1525"]
[PlyCount "67"]
[EventDate "2021.06.11"]
[EventType "swiss"]
[EventRounds "6"]
[EventCountry "BRA"]
[SourceTitle "EXT 2022"]
[Source "ChessBase"]
[SourceDate "2021.10.06"]
[SourceVersion "1"]
[SourceVersionDate "2021.10.06"]
[SourceQuality "1"]

1. e4 c6 2. d4 d5 3. exd5 cxd5 4. c4 Nf6 5. Nc3 Nc6 6. Bg5 Ne4 7. Nxe4 dxe4 8. d5 Ne5 9. Qd4 h6 10. Bd2 Ng4 11. Ne2 Nf6 12. Ng3 g6 13. Nxe4 Bg7 14. Bc3 Bf5 15. Ng3 Bd7 16. Bd3 0-0 17. 0-0 Qc7 18. Bc2 Rfc8 19. Bb3 b6 20. Rfe1 e6 21. Qd2 exd5 22. cxd5 Re8 23. h4 Rad8 24. Rac1 Qb8 25. h5 g5 26. Rxe8+ Rxe8 27. Qd3 Qd6 28. a3 Bg4 29. Qb5 Rd8 30. Bb4 Qf4 31. Re1 Nxh5 32. Nxh5 Bxh5 33. d6 Be5 34. Qxe5 1-0

[Event "Sao Bento do Sul op"]
[Site "Sao Bento do Sul"]
[Date "2019.08.24"]
[Round "3"]
[White "De Castro Junior, Klever Riderson"]
[Black "Goncalves, Mateus"]
[Result "0-1"]
[WhiteElo "1367"]
[BlackElo "1747"]
[PlyCount "76"]
[EventDate "2019.08.23"]
[EventType "swiss"]
[EventRounds "7"]
[EventCountry "BRA"]
[SourceTitle "EXT 2020"]
[Source "ChessBase"]
[SourceDate "2019.10.17"]
[SourceVersion "1"]
[SourceVersionDate "2019.10.17"]
[SourceQuality "1"]

1. d4 Nf6 2. e3 d5 3. Nf3 Bg4 4. Nbd2 e6 5. Be2 c5 6. b3 Nbd7 7. Bb2 Rc8 8. c4 Bd6 9. Rc1 0-0 10. Ne5 Bxe2 11. Qxe2 cxd4 12. exd4 Qa5 13. Nxd7 Nxd7 14. a4 dxc4 15. Bc3 Qd5 16. Nxc4 Bf4 17. Nd2 Qxg2 18. Rf1 Qd5 19. Rg1 Bxh2 20. Rg4 Nf6 21. Rh4 Bd6 22. Ne4 Nxe4 23. Rxe4 Qxb3 24. Re3 Rxc3 25. Rcxc3 Bb4 26. Qf3 Rc8 27. Kf1 Bxc3 28. d5 exd5 29. Qf5 Qc4+ 30. Kg2 Bf6 31. Qd7 g6 32. Rf3 Kg7 33. Qd6 Rc6 34. Qd7 d4 35. Qxb7 d3 36. Qd7 Qe4 37. a5 h5 38. Kf1 Qxf3 0-1

[Event "Sao Bento do Sul op"]
[Site "Sao Bento do Sul"]
[Date "2019.08.24"]
[Round "5"]
[White "Lino, Tiffany Marcele"]
[Black "Goncalves, Mateus"]
[Result "0-1"]
[WhiteElo "1446"]
[BlackElo "1747"]
[PlyCount "66"]
[EventDate "2019.08.23"]
[EventType "swiss"]
[EventRounds "7"]
[EventCountry "BRA"]
[SourceTitle "EXT 2020"]
[Source "ChessBase"]
[SourceDate "2019.10.17"]
[SourceVersion "1"]
[SourceVersionDate "2019.10.17"]
[SourceQuality "1"]

1. d4 Nf6 2. c4 e6 3. Nc3 Bb4 4. Qc2 d5 5. e3 0-0 6. Nf3 a6 7. Be2 dxc4 8. Bxc4 b5 9. Be2 Bb7 10. 0-0 Nbd7 11. Bd2 Rc8 12. a3 Bd6 13. Na2 c5 14. dxc5 Bxc5 15. Qd1 Ne4 16. Bb4 Qe7 17. Bxc5 Ndxc5 18. Qe1 Nb3 19. Rb1 Rfd8 20. Nc3 Nbd2 21. Nxd2 Nxd2 22. Rd1 Nxf1 23. Rxd8+ Rxd8 24. Bxf1 Qd6 25. Qb1 h6 26. Be2 Qd2 27. Kf1 Bd5 28. h3 Bc4 29. Bxc4 bxc4 30. Ne4 Qd1+ 31. Qxd1 Rxd1+ 32. Ke2 Rb1 33. Kd2 Rxb2+ 0-1

[Event "Florianopolis op 5th"]
[Site "Florianopolis"]
[Date "2019.01.21"]
[Round "1"]
[White "Goncalves, Mateus"]
[Black "Campos, Alexandre Ferreira"]
[Result "1/2-1/2"]
[WhiteElo "1580"]
[BlackElo "2073"]
[PlyCount "113"]
[EventDate "2019.01.21"]
[EventType "swiss"]
[EventRounds "10"]
[EventCountry "BRA"]
[SourceTitle "CBM 188 Extra"]
[Source "ChessBase"]
[SourceDate "2019.02.26"]
[SourceVersion "1"]
[SourceVersionDate "2019.02.26"]
[SourceQuality "1"]

1. e4 d6 2. d4 e5 3. dxe5 dxe5 4. Qxd8+ Kxd8 5. Nf3 Bd6 6. Bc4 f6 7. Nc3 c6 8. Be3 Ke7 9. 0-0-0 Be6 10. Bxe6 Kxe6 11. g4 Na6 12. h4 Ne7 13. h5 Bc5 14. Bxc5 Nxc5 15. Nh4 g6 16. Ng2 Rad8 17. f4 Rxd1+ 18. Rxd1 a5 19. a3 a4 20. f5+ Kf7 21. Ne1 gxh5 22. gxh5 b5 23. Nd3 Nb7 24. Nb4 Rd8 25. Rg1 Nd6 26. Na6 Rg8 27. Rd1 Nec8 28. Nc5 Rg4 29. Ne6 Ke7 30. h6 Nb6 31. Nd8 Kd7 32. Nb7 Nbc4 33. b3 axb3 34. cxb3 Kc7 35. bxc4 Nxb7 36. cxb5 Nc5 37. bxc6 Kxc6 38. Rd8 Rh4 39. Rc8+ Kb6 40. Nd5+ Kb5 41. Nxf6 Rxh6 42. Ng4 Rh1+ 43. Kc2 Nxe4 44. f6 Rf1 45. Rf8 h5 46. f7 hxg4 47. Rb8+ Ka4 48. Ra8+ Kb5 49. f8Q Rxf8 50. Rxf8 Kc4 51. Re8 Kd4 52. a4 g3 53. a5 Nf6 54. Rd8+ Ke4 55. Rd2 Nd5 56. Kd1 g2 57. Rxg2 1/2-1/2

[Event "Caioba Telecom op"]
[Site "Caioba"]
[Date "2018.08.04"]
[Round "7"]
[White "Goncalves, Mateus"]
[Black "Delgado, Lidio Dias"]
[Result "0-1"]
[WhiteElo "1486"]
[BlackElo "2188"]
[PlyCount "66"]
[EventDate "2018.08.01"]
[EventType "swiss"]
[EventRounds "9"]
[EventCountry "BRA"]
[SourceTitle "CBM 186 Extra"]
[Source "ChessBase"]
[SourceDate "2018.08.24"]
[SourceVersion "1"]
[SourceVersionDate "2018.08.24"]
[SourceQuality "1"]

1. e4 d6 2. d4 g6 3. Nc3 Bg7 4. Be3 c6 5. Bc4 Nf6 6. f3 d5 7. exd5 cxd5 8. Bb5+ Bd7 9. Bxd7+ Nbxd7 10. Nge2 Nb6 11. 0-0 0-0 12. Nb5 Nc4 13. Bc1 a6 14. Nbc3 b5 15. b3 Nd6 16. a3 Qb6 17. Nf4 e6 18. Nce2 Rfe8 19. Kh1 Nf5 20. c3 a5 21. Nd3 Nd7 22. Bd2 e5 23. dxe5 Nxe5 24. Ndf4 Red8 25. Nd4 Nxd4 26. Be3 Nec6 27. Ne2 Re8 28. Bxd4 Bxd4 29. cxd4 Re3 30. Nf4 Qxd4 31. Nxd5 Rd3 32. Nf6+ Kg7 33. Qc2 Rc3 0-1

[Event "BRA-ch U16"]
[Site "Sao Paulo"]
[Date "2018.03.30"]
[Round "3"]
[White "Sangiovanni, Marcello Gouveia"]
[Black "Goncalves, Mateus"]
[Result "1-0"]
[WhiteElo "1681"]
[BlackElo "1494"]
[PlyCount "139"]
[EventDate "2018.03.29"]
[EventType "swiss"]
[EventRounds "6"]
[EventCountry "BRA"]
[SourceTitle "EXT 2019"]
[Source "ChessBase"]
[SourceDate "2018.10.10"]
[SourceVersion "1"]
[SourceVersionDate "2018.10.10"]
[SourceQuality "1"]

1. e4 c5 2. Nc3 d6 3. g3 Nf6 4. Bg2 g6 5. h3 Bg7 6. f4 Qc7 7. d3 a6 8. a4 Nc6 9. Nf3 Bd7 10. 0-0 0-0 11. g4 Rab8 12. Ne2 b5 13. axb5 axb5 14. Ng3 Kh8 15. g5 Ng8 16. f5 Nd4 17. Nh4 d5 18. Ne2 dxe4 19. dxe4 b4 20. Bf4 Be5 21. Bxe5+ Qxe5 22. Nxd4 Qxd4+ 23. Qxd4+ cxd4 24. Rad1 Bb5 25. Rf2 d3 26. cxd3 Rfc8 27. Rfd2 b3 28. Nf3 h6 29. h4 gxf5 30. exf5 f6 31. g6 h5 32. Nd4 Rd8 33. Ne6 Rd6 34. g7+ Kh7 35. Bf3 Bd7 36. Rg2 Bxe6 37. fxe6 f5 38. Bxh5 Rxe6 39. Rf1 Rb5 40. Rg5 Rf6 41. Rf2 Rc5 42. Rfg2 Rcc6 43. d4 Rcd6 44. Be8 Rh6 45. h5 Rxd4 46. Bg6+ Kxg7 47. Bh7+ Kf6 48. Rxf5+ Ke6 49. Re2+ Kd6 50. Bxg8 e6 51. Rg5 Rc4 52. Bf7 Rc2 53. Rgg2 Rc1+ 54. Kh2 Rf6 55. Bg6 Rc4 56. Rg3 Rh4+ 57. Kg2 Rff4 58. Rxb3 e5 59. Rbe3 Rhg4+ 60. Rg3 Rh4 61. Rg5 Rb4 62. Rgxe5 Rhg4+ 63. Kf2 Rbf4+ 64. Ke1 Rg1+ 65. Kd2 Ra1 66. R5e4 Rff1 67. Rd4+ Kc5 68. Ke3 Ra7 69. Rc2+ Kb5 70. Bd3+ 1-0

[Event "Curitiba IEP&Copel op"]
[Site "Curitiba"]
[Date "2017.05.13"]
[Round "3"]
[White "De Borba, Gabriel"]
[Black "Goncalves, Mateus"]
[Result "1-0"]
[WhiteElo "1903"]
[BlackElo "1480"]
[PlyCount "111"]
[EventDate "2017.05.12"]
[EventType "swiss"]
[EventRounds "6"]
[EventCountry "BRA"]
[SourceTitle "CBM 178 Extra"]
[Source "ChessBase"]
[SourceDate "2017.06.22"]
[SourceVersion "1"]
[SourceVersionDate "2017.06.22"]
[SourceQuality "1"]

1. e4 e5 2. Nf3 Nc6 3. Bb5 Nf6 4. d3 d6 5. c3 Bd7 6. 0-0 a6 7. Ba4 b5 8. Bc2 Be7 9. Nbd2 0-0 10. Re1 Re8 11. Nf1 h6 12. Ng3 Be6 13. a4 b4 14. a5 bxc3 15. bxc3 Na7 16. Ba4 Bd7 17. Nf5 Bxa4 18. Qxa4 Bf8 19. Be3 c5 20. Reb1 Qc7 21. Nd2 Reb8 22. Nc4 Nc8 23. Rc1 Rb5 24. Kh1 Rab8 25. Rg1 Ng4 26. h3 Nxe3 27. Nfxe3 Qd7 28. Nd5 R5b7 29. Qa2 Ne7 30. Ndb6 Qd8 31. Rgf1 Ng6 32. g3 h5 33. Kh2 h4 34. Qd2 Qf6 35. Kg2 Qe6 36. Ne3 hxg3 37. fxg3 Qe8 38. Rf3 Be7 39. Ned5 Bd8 40. Nc4 Rd7 41. Ra3 Ne7 42. Ndb6 Bxb6 43. axb6 Nc8 44. Rxa6 Rdb7 45. Rf1 Nxb6 46. Nxd6 Qd8 47. Nxb7 Rxb7 48. Qe2 Nd7 49. Qa2 Nf6 50. Ra8 Rb8 51. Ra7 Qe8 52. g4 Rd8 53. g5 Nd7 54. g6 Kh8 55. Qxf7 Nf6 56. Rxf6 1-0

[Event "Caioba Telecom op"]
[Site "Caioba"]
[Date "2016.08.28"]
[Round "5"]
[White "Melo, Sergio Roberto Samp"]
[Black "Goncalves, Mateus"]
[Result "1-0"]
[WhiteElo "1794"]
[BlackElo "1460"]
[PlyCount "125"]
[EventDate "2016.08.26"]
[EventType "swiss"]
[EventRounds "6"]
[EventCountry "BRA"]
[SourceTitle "CBM 174 Extra"]
[Source "ChessBase"]
[SourceDate "2016.10.10"]
[SourceVersion "1"]
[SourceVersionDate "2016.10.10"]
[SourceQuality "1"]

1. c3 d5 2. Qc2 Nf6 3. d3 c5 4. e4 dxe4 5. dxe4 e6 6. Nf3 Be7 7. Be2 0-0 8. 0-0 Nc6 9. a4 Qc7 10. Na3 a6 11. Nc4 b6 12. g3 e5 13. Rd1 h6 14. Bf1 Be6 15. Ne3 Rfd8 16. Rxd8+ Bxd8 17. Bc4 Bxc4 18. Nxc4 Be7 19. Nh4 Nd7 20. Nf5 Bf6 21. Be3 Rd8 22. Rd1 b5 23. axb5 axb5 24. Na3 b4 25. Nc4 Ne7 26. Nfd6 Nb6 27. Nxb6 Rxd6 28. Rxd6 Qxd6 29. Nc4 Qc6 30. Qd3 bxc3 31. bxc3 Qc7 32. Qd6 Qb7 33. Nd2 c4 34. Qc5 Qc6 35. Qxc4 Qxc4 36. Nxc4 Nc6 37. h4 h5 38. Kf1 Kf8 39. Ke2 Ke7 40. Bc5+ Kd7 41. Kd3 g6 42. Ne3 Nd8 43. Kc4 Kc6 44. Nd5 Ne6 45. Be3 Bd8 46. Nb4+ Kd6 47. Kb5 Nc7+ 48. Kc4 Na8 49. Bc5+ Ke6 50. Nd5 Nc7 51. Nxc7+ Bxc7 52. Kb5 Kd7 53. c4 Bd8 54. Bb6 Be7 55. c5 Bf8 56. c6+ Kc8 57. Bc5 Bg7 58. Bd6 Bh8 59. Kc5 f6 60. Kd5 g5 61. Ke6 gxh4 62. gxh4 f5 63. exf5 1-0